African Countries Without Letter G In Their Name Or Green In Their Flag - Statistics

General Stats
  • This quiz has been taken 23 times
  • The average score is 3 of 7
Answer Stats
Answer % Correct
Tunisia
67%
Somalia
61%
Eswatini
50%
Botswana
39%
Liberia
39%
Chad
33%
Cabo Verde
11%
No matching quizzes found
Score Distribution
Percent of People with Each Score
Percentile by Number Answered
Your Score History
You have not taken this quiz